00330nam a2200109Ia 4500008004100000020001800041040002900059050002100088100001900109245006200128260003000190230104s9999||||xx |||||||||||||| ||und|| a0-02-424110-5 cChuka University Library aTA 340bW35 1978 aWALPOLE, R. E. 0aProbability and statistics for engineering and scientists aMacmillanbNew Yorkc1978